00898nam a2200253 i 450000100060000000300090000600500170001500700030003200800410003502000180007604000220009408000070011610000310012324501340015426000340028830000220032249000250034461000360036970000340040583000330043985200330047299900170050595201220052267640ES-MaACL20250831080837.0t|040608s1995 sp ||||0| spa d a84-254-1906-9 aM-BN bspa cM-BN a261 aHäring, Bernhard.96184714aLas cosas deben cambiar b: una confesión valiente / cBernhard Háring ; [versión castellana de Marciano Villanueva Salas]. aBarcelona : bHerder, c1995. a153 p. ; c18 cm.1 aColección Resortes24aIglesia Católica-yS.XX946581 aVillanueva, Marciano.91150290 aColección Resortes9230908 aES-MaACLjL-27935 bR.132989 c67640d67640 00104070aATENEOMbATENEOMcDEPO2d2008-01-17eSCl0oL-27935p1070821r2023-02-23 00:00:00w2023-02-23yMONOGRAFIA